000
00220nam a2200097 a 4500
005
20200930030237.0
008
110321s2011 000 spa d
245
0
_a
Aguas residuales.
260
_c
[2011].
999
_c
25965
_d
25965
040
_a
DO-SdBNP